| 000 | 00372nam a2200157Ia 4500 | ||
|---|---|---|---|
| 008 | 210210b1835 xxu||||| |||| 00| 0 eng d | ||
| 041 | _aeng | ||
| 082 | _a829/318 | ||
| 100 | _aDRIVER (Maud) | ||
| 245 | _aGreat amulet | ||
| 260 |
_aEdinburgh _bWilliam Blackwood and Sons _c1835 |
||
| 650 | _aGreat | ||
| 650 | _aamulet | ||
| 690 | _aEnglish Fiction | ||
| 906 | _a016923 | ||
| 999 |
_c136843 _d136843 |
||